000 00948nam a2200265 4500
003 EG-GICUC
005 20260407234535.0
008 260404 1997 ua|||||f|||| 00| 0 earadd
040 _a EG-GICUC
_bara
_c EG-GICUC
_d EG-GICUC
_erda
082 0 4 _221
_a343.91
092 0 4 _221
099 _aLaw1 10 343.91 ع ل . ا 1997
100 0 _aعلاء الدين راشد
245 1 2 _aالإشتراك في الجريمة بين القانون الوضعي والفقه الإسلامي /
_cعلاء الدين راشد.
264 1 _aلقاهرة:
_bدار النهضة العربية;
_c1997.
300 _a576 صفحة
_c24 سم
336 _2rda content
_atext
337 _2rda media
_aComputer
338 _2rda carrier
_aOnline Resource
650 1 4 _aالنظام الجنائي الإسلامي
_2qrmak
651 1 _2qrmak
856 4 0 _uhttps://fll.law.cu.edu.eg/fulltext/bks/B10-08389.pdf
905 _a17
_eYara
942 _2ddc
_n0
_cBK
_e21
999 _c68566
_d68566